[Event "Fide"]
[Site "?"]
[Date "2019.12.31"]
[Round "9.9"]
[White "Szewczyk, Mariusz"]
[Black "Chomczyk, Marek"]
[Result "1/2-1/2"]
[BlackElo "2274"]
[WhiteElo "2022"]
[LiveChessVersion "1.4.8"]

1. e4 {[%clk 1:29:11]} c5 {[%clk 1:30:52]} 2. Nf3 {[%clk 1:29:15]} d6
{[%clk 1:31:12]} 3. Bb5+ {[%clk 1:29:30]} Bd7 {[%clk 1:31:35]} 4. Bxd7+
{[%clk 1:29:54]} Qxd7 {[%clk 1:31:59]} 5. O-O {[%clk 1:30:17]} Nc6
{[%clk 1:32:15]} 6. c3 {[%clk 1:30:22]} Nf6 {[%clk 1:32:32]} 7. Re1
{[%clk 1:30:29]} e6 {[%clk 1:24:52]} 8. d4 {[%clk 1:30:49]} cxd4 {[%clk 1:22:56]}
9. cxd4 {[%clk 1:31:11]} d5 {[%clk 1:23:19]} 10. e5 {[%clk 1:31:01]} Ng8
{[%clk 1:23:44]} 11. Nc3 {[%clk 1:30:08]} Nge7 {[%clk 1:23:38]} 12. a3
{[%clk 1:29:59]} Nf5 {[%clk 1:21:13]} 13. b4 {[%clk 1:28:37]} Rc8
{[%clk 1:21:13]} 14. Ne2 {[%clk 1:25:34]} Be7 {[%clk 1:19:38]} 15. Bg5
{[%clk 1:24:54]} O-O {[%clk 1:19:11]} 16. Qd3 {[%clk 1:21:33]} Bxg5
{[%clk 1:08:13]} 17. Nxg5 {[%clk 1:21:51]} h6 {[%clk 1:08:40]} 18. Nf3
{[%clk 1:21:47]} Nb8 {[%clk 1:09:01]} 19. Rec1 {[%clk 1:20:32]} Qa4
{[%clk 1:00:41]} 20. Nf4 {[%clk 1:16:32]} Ne7 {[%clk 0:54:19]} 21. Nh5
{[%clk 1:13:49]} Ng6 {[%clk 0:48:03]} 22. g4 {[%clk 1:11:47]} Rc4
{[%clk 0:44:54]} 23. Rxc4 {[%clk 1:04:44]} dxc4 {[%clk 0:45:17]} 24. Qxc4
{[%clk 1:05:06]} Qc6 {[%clk 0:45:30]} 25. Qxc6 {[%clk 0:58:33]} Nxc6
{[%clk 0:44:57]} 26. b5 {[%clk 0:55:01]} Nce7 {[%clk 0:44:21]} 27. Rc1
{[%clk 0:55:02]} Nd5 {[%clk 0:44:47]} 28. Ng3 {[%clk 0:53:36]} a6
{[%clk 0:43:43]} 29. bxa6 {[%clk 0:52:34]} bxa6 {[%clk 0:44:08]} 30. Rc6
{[%clk 0:40:03]} a5 {[%clk 0:42:47]} 31. Rc5 {[%clk 0:38:47]} a4 {[%clk 0:43:10]}
32. Rc4 {[%clk 0:38:55]} Rb8 {[%clk 0:43:35]} 33. Rxa4 {[%clk 0:37:12]} Rb1+
{[%clk 0:42:11]} 34. Nf1 {[%clk 0:37:38]} Ndf4 {[%clk 0:34:24]} 35. N3d2
{[%clk 0:37:13]} Nh4 {[%clk 0:34:46]} 36. Nxb1 {[%clk 0:14:11]} 1/2-1/2

[Event "Fide"]
[Site "?"]
[Date "2019.12.31"]
[Round "9.10"]
[White "Adamski, Jan"]
[Black "Smieszek, Wojciech"]
[Result "1-0"]
[BlackElo "2140"]
[WhiteElo "2170"]
[LiveChessVersion "1.4.8"]

1. Nf3 {[%clk 1:30:30]} c5 {[%clk 1:08:24]} 2. c4 {[%clk 1:30:15]} Nc6
{[%clk 1:08:46]} 3. Nc3 {[%clk 1:29:55]} g6 {[%clk 1:08:56]} 4. e3
{[%clk 1:30:13]} Nf6 {[%clk 1:08:24]} 5. d4 {[%clk 1:30:07]} cxd4
{[%clk 1:07:26]} 6. exd4 {[%clk 1:30:22]} d5 {[%clk 1:07:17]} 7. Bg5
{[%clk 1:26:24]} Ne4 {[%clk 1:02:50]} 8. cxd5 {[%clk 1:23:33]} Nxc3
{[%clk 1:01:25]} 9. bxc3 {[%clk 1:23:51]} Qxd5 {[%clk 1:01:44]} 10. Qb3
{[%clk 1:22:37]} Qe4+ {[%clk 0:58:35]} 11. Be3 {[%clk 1:19:04]} Be6
{[%clk 0:46:39]} 12. c4 {[%clk 0:57:31]} Bg7 {[%clk 0:40:38]} 13. Rd1
{[%clk 0:52:51]} O-O {[%clk 0:27:08]} 14. Bd3 {[%clk 0:34:21]} Qg4
{[%clk 0:27:24]} 15. h3 {[%clk 0:33:00]} Qh5 {[%clk 0:17:47]} 16. d5
{[%clk 0:31:16]} Bg4 {[%clk 0:17:27]} 17. hxg4 {[%clk 0:28:19]} Qxh1+
{[%clk 0:17:29]} 18. Ke2 {[%clk 0:28:40]} Qxg2 {[%clk 0:16:29]} 19. Rg1
{[%clk 0:28:49]} Qh3 {[%clk 0:16:35]} 20. dxc6 {[%clk 0:28:32]} bxc6
{[%clk 0:16:25]} 21. Qd1 {[%clk 0:23:58]} h5 {[%clk 0:05:32]} 22. Rg3
{[%clk 0:22:40]} Qxg4 {[%clk 0:05:51]} 23. Rxg4 {[%clk 0:23:02]} hxg4
{[%clk 0:06:17]} 24. Ng5 {[%clk 0:22:48]} Rab8 {[%clk 0:05:54]} 25. Qh1
{[%clk 0:19:28]} Rfd8 {[%clk 0:05:13]} 26. Qh7+ {[%clk 0:19:01]} Kf8
{[%clk 0:05:42]} 27. Bxg6 {[%clk 0:16:23]} Rb2+ {[%clk 0:05:49]} 28. Kf1
{[%clk 0:14:24]} g3 {[%clk 0:05:07]} 29. Bxf7 {[%clk 0:13:51]} Rd1+
{[%clk 0:05:22]} 30. Kg2 {[%clk 0:14:12]} 1-0

[Event "Fide"]
[Site "?"]
[Date "2019.12.31"]
[Round "9.11"]
[White "Fiszer, Bartosz"]
[Black "Goslawski, Michal"]
[Result "1/2-1/2"]
[BlackElo "2157"]
[WhiteElo "2146"]
[LiveChessVersion "1.4.8"]

1. e4 {[%clk 1:30:57]} e5 {[%clk 1:30:58]} 2. Nf3 {[%clk 1:31:22]} Nf6
{[%clk 1:31:26]} 3. Nxe5 {[%clk 1:31:47]} d6 {[%clk 1:31:53]} 4. Nf3
{[%clk 1:32:14]} Nxe4 {[%clk 1:32:17]} 5. c4 {[%clk 1:32:12]} Be7
{[%clk 1:32:29]} 6. Nc3 {[%clk 1:31:50]} Nxc3 {[%clk 1:32:01]} 7. dxc3
{[%clk 1:32:13]} Nc6 {[%clk 1:26:53]} 8. Qc2 {[%clk 1:31:22]} Bg4
{[%clk 1:26:38]} 9. Be3 {[%clk 1:31:08]} Bh5 {[%clk 1:12:47]} 10. Bd3
{[%clk 1:29:25]} Bg6 {[%clk 1:13:10]} 11. O-O-O {[%clk 1:26:30]} Qc8
{[%clk 1:12:00]} 12. h3 {[%clk 1:24:18]} Bxd3 {[%clk 1:08:09]} 13. Qxd3
{[%clk 1:24:08]} O-O {[%clk 1:06:51]} 14. g4 {[%clk 1:20:14]} Qe6
{[%clk 1:03:44]} 15. Qd5 {[%clk 1:18:39]} Rae8 {[%clk 0:56:43]} 16. Qxe6
{[%clk 1:17:27]} fxe6 {[%clk 0:57:06]} 17. Nd4 {[%clk 1:17:44]} Nxd4
{[%clk 0:53:36]} 18. cxd4 {[%clk 1:18:07]} d5 {[%clk 0:52:09]} 19. c5
{[%clk 1:17:59]} b6 {[%clk 0:50:38]} 20. cxb6 {[%clk 1:14:20]} axb6
{[%clk 0:48:49]} 21. f4 {[%clk 1:12:23]} c5 {[%clk 0:48:46]} 22. Rhf1
{[%clk 1:11:22]} c4 {[%clk 0:43:41]} 23. Bd2 {[%clk 1:07:51]} Bd6
{[%clk 0:42:50]} 24. Rde1 {[%clk 1:07:43]} g6 {[%clk 0:37:30]} 25. Kc2
{[%clk 1:06:33]} b5 {[%clk 0:37:41]} 26. a3 {[%clk 1:06:54]} Kf7 {[%clk 0:36:23]}
27. Re2 {[%clk 1:05:56]} h5 {[%clk 0:32:55]} 28. Bb4 {[%clk 0:57:16]} Bxb4
{[%clk 0:32:51]} 29. axb4 {[%clk 0:57:44]} hxg4 {[%clk 0:30:33]} 30. hxg4
{[%clk 0:58:07]} Rh8 {[%clk 0:30:05]} 31. Ra1 {[%clk 0:49:02]} Ra8
{[%clk 0:30:08]} 32. Rxa8 {[%clk 0:48:03]} Rxa8 {[%clk 0:30:32]} 33. Rh2
{[%clk 0:47:54]} Kg7 {[%clk 0:27:12]} 34. Re2 {[%clk 0:42:46]} Rf8
{[%clk 0:21:27]} 35. Rxe6 {[%clk 0:39:36]} Rxf4 {[%clk 0:21:51]} 36. g5
{[%clk 0:35:53]} Rxd4 {[%clk 0:22:09]} 37. Rb6 {[%clk 0:27:05]} Rg4
{[%clk 0:22:31]} 38. Rxb5 {[%clk 0:26:43]} Rxg5 {[%clk 0:22:59]} 39. Rc5
{[%clk 0:26:57]} Rg3 {[%clk 0:18:39]} 40. Rxd5 {[%clk 0:26:34]} Rb3
{[%clk 0:19:03]} 41. Rb5 {[%clk 0:26:09]} Kf6 {[%clk 0:18:59]} 42. Rb8
{[%clk 0:26:25]} g5 {[%clk 0:18:55]} 43. b5 {[%clk 0:26:22]} Kg7 {[%clk 0:16:03]}
44. Rb7+ {[%clk 0:26:16]} Kf6 {[%clk 0:15:56]} 45. Rb8 {[%clk 0:26:38]} Kg7
{[%clk 0:16:23]} 46. Rb7+ {[%clk 0:27:04]} Kf6 {[%clk 0:16:51]} 47. Rb8
{[%clk 0:27:27]} Kg7 48. Rc8 g4 49. Rb8 Kf6 50. Rg8 Ke5 1/2-1/2

[Event "Fide"]
[Site "?"]
[Date "2019.12.31"]
[Round "9.12"]
[White "Kubicka, Anna"]
[Black "Golecki, Jan"]
[Result "1-0"]
[BlackElo "2053"]
[WhiteElo "2221"]
[LiveChessVersion "1.4.8"]

1. d4 {[%clk 1:27:16]} Nf6 {[%clk 1:30:52]} 2. c4 {[%clk 1:27:27]} e6
{[%clk 1:31:14]} 3. g3 {[%clk 1:27:39]} d5 {[%clk 1:31:22]} 4. Bg2
{[%clk 1:28:04]} dxc4 {[%clk 1:27:16]} 5. Nf3 {[%clk 1:28:28]} Nc6
{[%clk 1:27:30]} 6. Qa4 {[%clk 1:28:44]} Bd7 {[%clk 1:18:51]} 7. Qxc4
{[%clk 1:29:09]} Bd6 {[%clk 1:14:30]} 8. O-O {[%clk 1:29:23]} O-O
{[%clk 1:14:54]} 9. Nc3 {[%clk 1:29:50]} Re8 {[%clk 1:09:14]} 10. Bg5
{[%clk 1:24:51]} h6 {[%clk 1:03:23]} 11. Bxf6 {[%clk 1:20:03]} Qxf6
{[%clk 1:03:45]} 12. Ne4 {[%clk 1:19:27]} Qe7 {[%clk 1:04:03]} 13. a3
{[%clk 1:15:36]} b5 {[%clk 0:55:12]} 14. Qc2 {[%clk 1:10:34]} Rab8
{[%clk 0:48:03]} 15. e3 {[%clk 1:05:14]} b4 {[%clk 0:30:01]} 16. a4
{[%clk 0:42:55]} Na5 {[%clk 0:25:03]} 17. b3 {[%clk 0:42:13]} Bc6
{[%clk 0:20:03]} 18. Nfd2 {[%clk 0:42:15]} Bd5 {[%clk 0:08:43]} 19. Rac1
{[%clk 0:36:16]} Rb7 {[%clk 0:06:18]} 20. Nxd6 {[%clk 0:24:40]} cxd6
{[%clk 0:06:43]} 21. Bxd5 {[%clk 0:25:00]} exd5 {[%clk 0:07:08]} 22. Qd3
{[%clk 0:25:10]} Rb6 {[%clk 0:06:55]} 23. Rc2 {[%clk 0:25:33]} Qb7
{[%clk 0:06:05]} 24. Rfc1 {[%clk 0:25:44]} Nc6 {[%clk 0:04:44]} 25. Qf5
{[%clk 0:18:12]} Ne7 {[%clk 0:05:09]} 26. Qf3 {[%clk 0:18:25]} Rc8
{[%clk 0:05:06]} 27. Rxc8+ {[%clk 0:10:20]} Nxc8 {[%clk 0:05:35]} 28. e4
{[%clk 0:10:02]} Rc6 {[%clk 0:05:58]} 29. Rxc6 Qxc6 {[%clk 0:06:27]} 30. exd5
{[%clk 0:09:37]} Qc3 {[%clk 0:06:37]} 31. Qe3 {[%clk 0:08:35]} Nb6
{[%clk 0:06:51]} 32. Ne4 {[%clk 0:04:33]} Nxd5 {[%clk 0:03:28]} 33. Nxc3
{[%clk 0:04:52]} Nxe3 {[%clk 0:03:55]} 34. Nb5 {[%clk 0:04:51]} Nc2
{[%clk 0:04:12]} 35. d5 {[%clk 0:04:59]} a6 {[%clk 0:04:14]} 36. Nc7
{[%clk 0:04:51]} a5 {[%clk 0:04:41]} 37. Nb5 {[%clk 0:05:16]} Kf8
{[%clk 0:04:51]} 38. Kf1 {[%clk 0:04:49]} Ke7 {[%clk 0:05:18]} 39. Ke2
{[%clk 0:04:51]} Kf6 {[%clk 0:03:45]} 40. f4 {[%clk 0:03:58]} Kf5
{[%clk 0:02:06]} 41. Kd2 {[%clk 0:04:00]} Na1 {[%clk 0:02:28]} 42. Nxd6+
{[%clk 0:04:01]} Kf6 {[%clk 0:02:20]} 43. Ne4+ {[%clk 0:04:18]} Ke7
{[%clk 0:02:45]} 44. Nc5 {[%clk 0:04:03]} Kd6 {[%clk 0:03:02]} 45. Nb7+
{[%clk 0:04:18]} Kxd5 {[%clk 0:03:29]} 46. Nxa5 {[%clk 0:04:46]} Kc5
{[%clk 0:03:55]} 47. Kc1 {[%clk 0:04:59]} Kd5 1-0

[Event "Fide"]
[Site "?"]
[Date "2019.12.31"]
[Round "9.13"]
[White "Siekanski, Janusz"]
[Black "Kolasinski, Krzysztof"]
[Result "1/2-1/2"]
[BlackElo "2115"]
[WhiteElo "2206"]
[LiveChessVersion "1.4.8"]

1. d4 {[%clk 1:27:29]} Nf6 {[%clk 1:30:48]} 2. c4 {[%clk 1:27:22]} c5
{[%clk 1:30:43]} 3. d5 {[%clk 1:27:46]} e6 {[%clk 1:30:38]} 4. Nc3
{[%clk 1:28:09]} exd5 {[%clk 1:31:03]} 5. cxd5 {[%clk 1:28:34]} d6
{[%clk 1:31:29]} 6. e4 {[%clk 1:28:49]} g6 {[%clk 1:31:55]} 7. Bd3
{[%clk 1:29:12]} Bg7 {[%clk 1:32:21]} 8. h3 {[%clk 1:29:35]} O-O {[%clk 1:32:39]}
9. Bg5 {[%clk 1:29:58]} a6 {[%clk 1:32:35]} 10. Nf3 {[%clk 1:28:16]} b5
{[%clk 1:32:17]} 11. a3 {[%clk 1:28:09]} Nbd7 {[%clk 1:32:27]} 12. O-O
{[%clk 1:28:07]} Qc7 {[%clk 1:32:47]} 13. Qd2 {[%clk 1:26:53]} Re8
{[%clk 1:27:54]} 14. Rfe1 {[%clk 1:26:28]} Rb8 {[%clk 1:26:27]} 15. b4
{[%clk 1:07:12]} h6 {[%clk 0:58:12]} 16. Be3 {[%clk 1:06:15]} g5 {[%clk 0:43:55]}
17. Rac1 {[%clk 0:59:06]} c4 {[%clk 0:39:36]} 18. Bb1 {[%clk 0:59:00]} Ne5
{[%clk 0:39:52]} 19. Nxg5 {[%clk 0:48:23]} hxg5 {[%clk 0:39:54]} 20. Bxg5
{[%clk 0:48:51]} Nh7 {[%clk 0:34:34]} 21. Bh6 {[%clk 0:48:24]} f6
{[%clk 0:30:21]} 22. Bxg7 {[%clk 0:46:42]} Qxg7 {[%clk 0:30:49]} 23. Re3
{[%clk 0:46:03]} Ng5 {[%clk 0:30:13]} 24. Kh1 {[%clk 0:43:43]} Bxh3
{[%clk 0:26:28]} 25. f4 {[%clk 0:32:02]} Bg4 {[%clk 0:23:54]} 1/2-1/2

[Event "Fide"]
[Site "?"]
[Date "2019.12.31"]
[Round "9.14"]
[White "Stachanczyk, Jacek"]
[Black "Starosta, Martyna"]
[Result "1/2-1/2"]
[BlackElo "2019"]
[WhiteElo "2160"]
[LiveChessVersion "1.4.8"]

1. e4 {[%clk 1:30:13]} e5 {[%clk 1:30:51]} 2. Nf3 {[%clk 1:30:32]} Nc6
{[%clk 1:31:13]} 3. Bb5 {[%clk 1:31:00]} a6 {[%clk 1:31:25]} 4. Ba4
{[%clk 1:31:24]} d6 {[%clk 1:30:06]} 5. d4 {[%clk 1:25:41]} b5 {[%clk 1:27:56]}
6. Bb3 {[%clk 1:26:09]} Nxd4 {[%clk 1:23:02]} 7. Nxd4 {[%clk 1:25:02]} exd4
{[%clk 1:23:18]} 8. Bd5 {[%clk 1:11:23]} Rb8 {[%clk 1:21:35]} 9. Qxd4
{[%clk 1:10:02]} c5 {[%clk 1:20:44]} 10. Qd3 {[%clk 1:09:21]} Nf6
{[%clk 1:17:26]} 11. Bg5 {[%clk 1:05:11]} Be7 {[%clk 1:15:26]} 12. Bc6+
{[%clk 1:01:38]} Bd7 {[%clk 1:13:41]} 13. Bxf6 {[%clk 0:57:54]} Bxc6
{[%clk 0:59:56]} 14. Bxe7 {[%clk 0:55:25]} Qxe7 {[%clk 0:59:45]} 15. Nc3
{[%clk 0:55:04]} f5 {[%clk 0:55:00]} 16. O-O-O {[%clk 0:54:02]} fxe4
{[%clk 0:48:42]} 17. Qxd6 {[%clk 0:54:09]} Qxd6 {[%clk 0:48:01]} 18. Rxd6
{[%clk 0:54:36]} Rc8 {[%clk 0:46:06]} 19. Nxe4 {[%clk 0:47:50]} Bxe4
{[%clk 0:41:22]} 20. Re6+ {[%clk 0:48:02]} Kd7 {[%clk 0:41:18]} 21. Rxe4
{[%clk 0:48:29]} Rce8 {[%clk 0:39:30]} 22. Rhe1 {[%clk 0:48:48]} Rxe4
{[%clk 0:39:48]} 23. Rxe4 {[%clk 0:49:16]} Rf8 {[%clk 0:38:43]} 24. f4
{[%clk 0:48:12]} Rf6 {[%clk 0:33:52]} 25. Kd2 {[%clk 0:47:32]} Rg6
{[%clk 0:29:36]} 26. Re2 {[%clk 0:46:26]} Rd6+ {[%clk 0:28:55]} 27. Ke3
{[%clk 0:46:54]} Rf6 {[%clk 0:25:55]} 28. Kf3 {[%clk 0:45:12]} a5
{[%clk 0:24:52]} 29. g4 {[%clk 0:43:46]} g6 {[%clk 0:23:16]} 30. h4
{[%clk 0:43:13]} Kd6 {[%clk 0:22:06]} 31. Re5 {[%clk 0:41:45]} Rf8
{[%clk 0:17:46]} 32. h5 {[%clk 0:40:24]} Rf6 {[%clk 0:15:52]} 33. Ke4
{[%clk 0:37:48]} b4 {[%clk 0:13:43]} 34. c4 {[%clk 0:30:24]} bxc3
{[%clk 0:12:42]} 35. bxc3 {[%clk 0:30:53]} a4 {[%clk 0:12:21]} 36. c4
{[%clk 0:28:01]} Rf7 {[%clk 0:10:07]} 37. hxg6 {[%clk 0:27:34]} hxg6
{[%clk 0:10:30]} 38. Rd5+ {[%clk 0:27:09]} Kc6 {[%clk 0:10:30]} 39. Rg5
{[%clk 0:26:40]} Rf6 {[%clk 0:09:37]} 40. f5 {[%clk 0:26:56]} gxf5+
{[%clk 0:09:33]} 41. gxf5 {[%clk 0:27:24]} Rf8 {[%clk 0:08:48]} 42. Rg6+
{[%clk 0:27:52]} Kd7 {[%clk 0:08:21]} 43. Ke5 {[%clk 0:28:07]} Re8+
{[%clk 0:07:07]} 44. Kd5 {[%clk 0:28:33]} Re2 {[%clk 0:06:43]} 45. Rg7+
{[%clk 0:28:37]} Ke8 {[%clk 0:06:45]} 46. a3 {[%clk 0:25:05]} Re3
{[%clk 0:06:26]} 47. Kxc5 {[%clk 0:21:09]} Rxa3 {[%clk 0:06:35]} 48. Ra7
{[%clk 0:20:21]} Rf3 {[%clk 0:05:41]} 49. Rxa4 {[%clk 0:19:07]} Rxf5+
{[%clk 0:06:09]} 50. Kc6 {[%clk 0:19:23]} Rf6+ {[%clk 0:05:41]} 51. Kc7
{[%clk 0:19:04]} Rf7+ {[%clk 0:05:18]} 52. Kb6 {[%clk 0:18:25]} Rf6+
{[%clk 0:05:22]} 53. Kc7 {[%clk 0:18:24]} Rf7+ {[%clk 0:05:41]} 54. Kd6
{[%clk 0:18:54]} Rf6+ {[%clk 0:05:36]} 55. Ke5 {[%clk 0:19:12]} Rf1
{[%clk 0:05:27]} 56. Ra7 {[%clk 0:18:41]} Kd8 {[%clk 0:05:15]} 57. Kd6
{[%clk 0:19:06]} Rf6+ {[%clk 0:05:01]} 58. Kc5 {[%clk 0:19:35]} Rf5+
{[%clk 0:05:00]} 59. Kb6 {[%clk 0:20:00]} Rf6+ {[%clk 0:05:04]} 60. Kb5
{[%clk 0:20:29]} Kc8 {[%clk 0:04:02]} 61. Rh7 {[%clk 0:20:24]} Rg6
{[%clk 0:04:05]} 62. Rh5 {[%clk 0:19:38]} Rf6 {[%clk 0:04:01]} 63. c5
{[%clk 0:18:51]} Rg6 {[%clk 0:03:37]} 64. Rh8+ {[%clk 0:17:18]} Kc7
{[%clk 0:03:51]} 65. Rh7+ {[%clk 0:17:18]} Kc8 {[%clk 0:04:12]} 66. Ra7
{[%clk 0:17:02]} Rh6 {[%clk 0:04:19]} 67. Ra4 {[%clk 0:15:50]} Kc7
{[%clk 0:03:37]} 68. Rg4 {[%clk 0:16:02]} Rf6 {[%clk 0:03:51]} 69. Rg5
{[%clk 0:16:30]} Rh6 {[%clk 0:04:03]} 70. Rg7+ {[%clk 0:16:05]} Kc8
{[%clk 0:04:28]} 71. Re7 {[%clk 0:16:34]} Rg6 {[%clk 0:04:36]} 72. Rh7
{[%clk 0:16:30]} Rf6 {[%clk 0:05:00]} 73. Kc4 {[%clk 0:16:54]} Rg6
{[%clk 0:05:05]} 74. Kd5 {[%clk 0:16:10]} Rg5+ {[%clk 0:04:58]} 75. Kd6
{[%clk 0:16:33]} Rg6+ {[%clk 0:05:22]} 76. Kd5 {[%clk 0:16:36]} Rg5+
{[%clk 0:05:13]} 77. Kc6 {[%clk 0:16:48]} Rg6+ {[%clk 0:05:38]} 78. Kb5
{[%clk 0:17:14]} Rf6 {[%clk 0:06:03]} 79. c6 {[%clk 0:15:25]} Rf1
{[%clk 0:06:25]} 1/2-1/2

[Event "Fide"]
[Site "?"]
[Date "2019.12.31"]
[Round "9.15"]
[White "Rudzinska, Michalina"]
[Black "Seemann, Jakub"]
[Result "0-1"]
[BlackElo "2050"]
[WhiteElo "2005"]
[LiveChessVersion "1.4.8"]

1. e4 {[%clk 1:30:57]} c5 {[%clk 1:30:40]} 2. Nf3 {[%clk 1:31:21]} Nc6
{[%clk 1:30:55]} 3. d4 {[%clk 1:31:45]} cxd4 {[%clk 1:31:19]} 4. Nxd4
{[%clk 1:32:11]} Nf6 {[%clk 1:31:39]} 5. Nc3 {[%clk 1:32:33]} d6 {[%clk 1:32:00]}
6. Bc4 {[%clk 1:29:46]} e6 {[%clk 1:32:17]} 7. Be3 {[%clk 1:30:12]} Be7
{[%clk 1:32:27]} 8. Qe2 {[%clk 1:30:34]} a6 {[%clk 1:32:52]} 9. Bb3
{[%clk 1:30:59]} Nxd4 {[%clk 1:32:02]} 10. Bxd4 {[%clk 1:31:22]} b5
{[%clk 1:32:14]} 11. O-O {[%clk 1:29:18]} O-O {[%clk 1:31:06]} 12. a3
{[%clk 1:29:05]} Bb7 {[%clk 1:30:56]} 13. Rad1 {[%clk 1:25:48]} Qc7
{[%clk 1:29:20]} 14. f3 {[%clk 1:24:41]} Rac8 {[%clk 1:25:17]} 15. Qf2
{[%clk 1:22:53]} Nd7 {[%clk 1:24:48]} 16. Qg3 {[%clk 1:22:19]} e5
{[%clk 1:25:08]} 17. Be3 {[%clk 1:22:23]} Nb6 {[%clk 1:22:17]} 18. Bxb6
{[%clk 1:17:01]} Qxb6+ {[%clk 1:22:39]} 19. Kh1 {[%clk 1:12:55]} b4
{[%clk 1:17:17]} 20. axb4 {[%clk 1:12:00]} Qxb4 {[%clk 1:17:34]} 21. Ra1
{[%clk 1:03:33]} Rc5 {[%clk 0:57:29]} 22. Rfd1 {[%clk 0:56:10]} Kh8
{[%clk 0:50:12]} 23. Qf2 {[%clk 0:43:57]} f5 {[%clk 0:47:08]} 24. exf5
{[%clk 0:42:53]} Rxf5 {[%clk 0:44:26]} 25. Ra4 {[%clk 0:42:01]} Qb6
{[%clk 0:44:01]} 26. Rc4 {[%clk 0:42:09]} Rf4 {[%clk 0:27:44]} 27. Rxf4
{[%clk 0:32:52]} exf4 {[%clk 0:28:06]} 28. Qd4 {[%clk 0:32:27]} Qa5
{[%clk 0:21:12]} 29. Qxf4 {[%clk 0:31:35]} Rf5 {[%clk 0:20:07]} 30. Qc4
{[%clk 0:31:12]} Rf8 {[%clk 0:13:51]} 31. Qe6 {[%clk 0:26:43]} Bf6
{[%clk 0:11:12]} 32. Qxd6 {[%clk 0:19:47]} Rd8 {[%clk 0:11:30]} 33. Re1
{[%clk 0:20:12]} Qh5 {[%clk 0:11:22]} 34. Qf4 {[%clk 0:17:14]} h6
{[%clk 0:10:08]} 35. h3 {[%clk 0:15:44]} Qc5 {[%clk 0:08:17]} 36. Qc4
{[%clk 0:10:42]} Qf2 {[%clk 0:05:59]} 37. Qe2 {[%clk 0:09:54]} Qg3
{[%clk 0:05:11]} 38. Ne4 {[%clk 0:03:29]} Bxe4 {[%clk 0:05:30]} 39. Qxe4
{[%clk 0:03:54]} Bg5 {[%clk 0:04:47]} 40. Kg1 {[%clk 0:01:23]} Bd2
{[%clk 0:04:48]} 41. Ra1 {[%clk 0:00:51]} Bf4 {[%clk 0:04:39]} 42. Kf1
{[%clk 0:00:37]} Qh2 {[%clk 0:04:34]} 0-1

[Event "Fide"]
[Site "?"]
[Date "2019.12.31"]
[Round "9.16"]
[White "Goraj, Barbara"]
[Black "Bugajski, Robert"]
[Result "1-0"]
[BlackElo "2203"]
[WhiteElo "2044"]
[LiveChessVersion "1.4.8"]

1. e4 {[%clk 1:30:57]} c5 {[%clk 1:30:54]} 2. Nf3 {[%clk 1:31:21]} d6
{[%clk 1:31:05]} 3. d4 {[%clk 1:31:37]} Nf6 {[%clk 1:31:27]} 4. Nc3
{[%clk 1:31:49]} cxd4 {[%clk 1:31:48]} 5. Nxd4 {[%clk 1:31:59]} a6
{[%clk 1:31:26]} 6. h3 {[%clk 1:32:01]} e5 {[%clk 1:31:40]} 7. Nb3
{[%clk 1:32:22]} Be7 {[%clk 1:31:50]} 8. Be3 {[%clk 1:32:06]} Be6
{[%clk 1:31:32]} 9. f4 {[%clk 1:31:28]} exf4 {[%clk 1:27:59]} 10. Bxf4
{[%clk 1:30:58]} Nc6 {[%clk 1:27:37]} 11. Qe2 {[%clk 1:29:25]} O-O
{[%clk 1:25:36]} 12. O-O-O {[%clk 1:28:05]} Qc7 {[%clk 1:25:29]} 13. g4
{[%clk 1:25:09]} Rac8 {[%clk 1:17:10]} 14. g5 {[%clk 1:12:12]} Nd7
{[%clk 1:16:49]} 15. Kb1 {[%clk 1:09:51]} b5 {[%clk 1:16:26]} 16. Nd5
{[%clk 0:53:02]} Bxd5 {[%clk 1:16:09]} 17. exd5 {[%clk 0:53:19]} Nce5
{[%clk 1:15:26]} 18. Qg2 {[%clk 0:43:53]} Rfe8 {[%clk 1:12:38]} 19. Nd4
{[%clk 0:39:47]} Bf8 {[%clk 1:11:36]} 20. h4 {[%clk 0:33:59]} g6 {[%clk 1:11:37]}
21. h5 {[%clk 0:33:24]} Bg7 {[%clk 1:11:35]} 22. hxg6 {[%clk 0:27:29]} hxg6
{[%clk 1:11:43]} 23. Bc1 {[%clk 0:24:13]} Nb6 {[%clk 1:07:54]} 24. Rh3
{[%clk 0:17:52]} Qc5 {[%clk 1:02:33]} 25. Nb3 {[%clk 0:17:21]} Qc7
{[%clk 1:01:04]} 26. Nd4 {[%clk 0:16:43]} Na4 {[%clk 0:59:27]} 27. Rh2
{[%clk 0:14:11]} Qc5 {[%clk 0:56:08]} 28. Nb3 {[%clk 0:14:11]} Qb6
{[%clk 0:55:51]} 29. Qf2 {[%clk 0:05:40]} Qb7 {[%clk 0:54:27]} 30. Na5
{[%clk 0:02:21]} Qc7 {[%clk 0:54:20]} 31. Nc6 {[%clk 0:02:44]} Nxc6
{[%clk 0:52:52]} 32. dxc6 {[%clk 0:03:08]} Qxc6 {[%clk 0:53:05]} 33. Rh3
{[%clk 0:02:08]} Rc7 {[%clk 0:50:30]} 34. Bg2 {[%clk 0:01:51]} Qc5
{[%clk 0:43:14]} 35. Qd2 {[%clk 0:02:10]} Rec8 {[%clk 0:40:45]} 36. Be4
{[%clk 0:00:56]} Qe5 {[%clk 0:38:40]} 37. Qd5 {[%clk 0:00:34]} Qe7
{[%clk 0:32:07]} 38. Bxg6 {[%clk 0:00:39]} Rc5 {[%clk 0:30:13]} 39. Bh7+
{[%clk 0:00:58]} Kf8 {[%clk 0:30:27]} 40. Qb3 {[%clk 0:00:55]} Rc3
{[%clk 0:29:07]} 41. Rxc3 {[%clk 0:00:50]} Rxc3 {[%clk 0:29:33]} 42. Qd5
{[%clk 0:00:44]} Be5 {[%clk 0:27:00]} 43. Rf1 {[%clk 0:00:51]} Rc5
{[%clk 0:27:06]} 44. Qa8+ {[%clk 0:00:47]} Kg7 {[%clk 0:27:35]} 45. Qg8#
{[%clk 0:01:06]} 1-0